000 00538nam a22001697a 4500
999 _c1017
_d1017
008 200107b ||||| |||| 00| 0 eng d
041 0 _aeng
082 0 0 _a620.1
_bJ241
100 _9588
_aJamieson, Andrew.
245 1 0 _aA Textbook of applied mechanics and mechanical engineering - Vol.I /
_cby Andrew Jamieson and Ewart S. Andrews
250 _a10th ed.
260 _aLondon :
_bCharles Griffin &Company Limited,
_c1945.
300 _axviii,371p.
650 0 _aMechanical Engineering
700 _91295
_aAndrews, Ewart S.
942 _cBK